000 00546nam a2200217Ia 4500
005 20241216010017.0
008 180423s9999||||xx |||||||||||||| ||und||
082 _a331.2101
_bF38
100 _aFERGUSON, C. E.
245 0 _aTEORIA NEOCLASICA DE LA PRODUCCION Y LA DISTRIBUCION
250 _a0
260 _aMEXICO
_bTRILLAS
_c1985
300 _a434 pag.
_c23 cm
341 _h0
490 _v0
_a0
505 _aPRODUCCION-DISTRIBUCION
541 _aC
_d08-Nov-93
650 _aCIENCIAS SOCIALES
856 _zHumanidades
942 _cLIBRO
999 _c3109
_d3109